LIBRARY & INFORMATION CENTRE, KCAET, TAVANUR

ONLINE PUBLIC ACCESS CATALOGUE (OPAC)

Climate change and natural resource management (Record no. 15571)

MARC details
000 -LEADER
fixed length control field 00363nam a22001457a 4500
003 - CONTROL NUMBER IDENTIFIER
control field OSt
008 - FIXED-LENGTH DATA ELEMENTS--GENERAL INFORMATION
fixed length control field 190516b ||||| |||| 00| 0 eng d
020 ## - INTERNATIONAL STANDARD BOOK NUMBER
ISBN 9789381450673
082 ## - DEWEY DECIMAL CLASSIFICATION NUMBER
Classification number 551.6
Item number LEN/CL
100 ## - MAIN ENTRY--AUTHOR NAME
Personal name Lenka, S
245 ## - TITLE STATEMENT
Title Climate change and natural resource management
260 ## - PUBLICATION, DISTRIBUTION, ETC. (IMPRINT)
Place of publication New Delhi
Name of publisher New India
Year of publication 2013
300 ## - PHYSICAL DESCRIPTION
Number of Pages 367 p.
942 ## - ADDED ENTRY ELEMENTS (KOHA)
Koha item type Books
Holdings
Withdrawn status Lost status Damaged status Collection code Home library Current library Shelving location Date acquired Cost, normal purchase price Full call number Accession Number Koha item type
      Non-fiction KAUAET KAUAET General Stacks 16/05/2019 2750.00 551.6LEN/CL 25789 Books
      General Books KAUAET KAUAET General Stacks 25/08/2022 1910.00 551.6 LEN/CL 24847 Books
free website counter